Aktuálne úlohy technickej normalizácie v nových ekonomických podmienkach prestavby hospodárskeho mechanizmu ČSSR Zborník prednášok. Považská Bystrica - hotel Manín 18.-22.9.1989. Poprad - hotel Gerlach 9.-13.10.1989

Saved in:
Bibliographic Details
Format: Book
Language:Slovak
Published: Žilina Dom techn. ČSVTS 1989
Edition:1. vyd.
Tags: Add Tag
No Tags, Be the first to tag this record!

MARC

LEADER 00000nam a2200000 4500
001 c040940
005 20221215070229.6
041 0 |a slo 
044 |a SK 
245 1 0 |a Aktuálne úlohy technickej normalizácie v nových ekonomických podmienkach prestavby hospodárskeho mechanizmu ČSSR  |b Zborník prednášok. Považská Bystrica - hotel Manín 18.-22.9.1989. Poprad - hotel Gerlach 9.-13.10.1989 
250 |a 1. vyd. 
264 1 |a Žilina  |b Dom techn. ČSVTS  |c 1989 
300 |a 211 s.